Modern trójai háboru
Príbeh [pravdepodobne z pera regionálneho autora, ktorý zatiaľ nie je dešifrovaný.]
| Hlavný autor: | |
|---|---|
| Médium: | Článok |
| Jazyk: | Hungarian |
| Témy: | |
| Zdroj: |
1. Felvidéki Hirlap 1. Roč. 2, č. 31 (01.08.1909) s. 2 |
| LEADER | 00814nab#a2200313#ar4500 | ||
|---|---|---|---|
| 001 | 000073344 | ||
| 003 | SVKKK | ||
| 005 | 20040107xxxxxxx. | ||
| 008 | 06 c xo huno | ||
| FMT | |||
| 038 | |a SVKKK | ||
| 040 | |a SVKKK |b slo |e AACR2 | ||
| 041 | 0 | |a hun | |
| 044 | |a xo |c SK | ||
| 080 | |a 894.511(437.6)-3 | ||
| 100 | 0 | |a b. |4 aut | |
| 242 | 1 | 0 | |a Moderná trójska vojna |
| 245 | 1 | 0 | |a Modern trójai háboru |c b. |
| 500 | |a mikrofilm | ||
| 520 | 2 | |a Príbeh [pravdepodobne z pera regionálneho autora, ktorý zatiaľ nie je dešifrovaný.] | |
| 650 | 0 | 4 | |a príbehy - literatúra maďarská - texty |
| 773 | 0 | |t Felvidéki Hirlap |g Roč. 2, č. 31 (01.08.1909) s. 2 | |
| 957 | |a Humenné [?] | ||
| 958 | |a DG | ||
| 958 | |a SK | ||
| 974 | |a Ba |d 20040107 | ||
| 992 | |a RBX | ||
| BAS | |||
| 998 | |a RETRO | ||